000 00352nam a2200145Ia 4500
005 20251222141938.0
008 251222s9999||||xx |||||||||||||| ||spa||
020 _a9788483424346
082 _a347.460.5/G46
100 _aGimeno Sendra, Vicente
245 0 _aDerecho Procesal Civil:
250 _a5a. ed.
264 _bColex Editorial
942 _cLIB
999 _c9275
_d9275